<?xml version="1.0" encoding="UTF-8"?>
<collection xmlns="http://www.loc.gov/MARC21/slim">
 <record>
  <leader>00647pamaa2200193   4500</leader>
  <controlfield tag="001">0000022206</controlfield>
  <controlfield tag="005">20060124090000.0</controlfield>
  <datafield tag="020" ind1="0" ind2="0">
   <subfield code="a">0850363292 </subfield>
  </datafield>
  <datafield tag="082" ind1=" " ind2=" ">
   <subfield code="a">327.73047 THO</subfield>
  </datafield>
  <datafield tag="090" ind1="0" ind2="0">
   <subfield code="a">PR6070 </subfield>
   <subfield code="b">THO</subfield>
  </datafield>
  <datafield tag="100" ind1="1" ind2="0">
   <subfield code="a">THOMPSON </subfield>
  </datafield>
  <datafield tag="245" ind1="1" ind2="4">
   <subfield code="a">The heavy dancers  </subfield>
   <subfield code="c">E.P. Thompson.</subfield>
  </datafield>
  <datafield tag="260" ind1="0" ind2="0">
   <subfield code="a">London: </subfield>
   <subfield code="b">Merlin Press, </subfield>
   <subfield code="c">1985.</subfield>
  </datafield>
  <datafield tag="300" ind1=" " ind2=" ">
   <subfield code="a">xii, 340p.; </subfield>
   <subfield code="c">22cm.</subfield>
  </datafield>
  <datafield tag="650" ind1="0" ind2="0">
   <subfield code="a">World politics -- </subfield>
   <subfield code="y">1975-1985 </subfield>
  </datafield>
  <datafield tag="651" ind1="0" ind2="0">
   <subfield code="a">Europe -- </subfield>
   <subfield code="x">Politics and government -- </subfield>
   <subfield code="y">1945- </subfield>
  </datafield>
  <datafield tag="651" ind1="0" ind2="0">
   <subfield code="a">United States -- </subfield>
   <subfield code="x">Foreign relations -- </subfield>
   <subfield code="z">Soviet Union </subfield>
  </datafield>
  <datafield tag="651" ind1="0" ind2="0">
   <subfield code="a">Soviet Union -- </subfield>
   <subfield code="x">Foreign relations -- </subfield>
   <subfield code="z">United States </subfield>
  </datafield>
  <datafield tag="651" ind1="0" ind2="0">
   <subfield code="a">Great Britain -- </subfield>
   <subfield code="x">Foreign relations -- </subfield>
   <subfield code="y">1945- </subfield>
  </datafield>
 </record>
</collection>
